000 00612nam a2200193Ia 4500
003 GCL
008 140319s9999 xx 000 0 ara d
040 _aGCL /
_cGCL
082 0 4 _a345.04
_bع ج
100 1 _aعلى عوض حسن
245 1 0 _aجرعة التبديد ملف يضم صيغة قانونية تشمل تبديد منقولات الزوجة /
_cعلى عوض حسن
260 _a[S.N] :
_bالمكتبة القانونية ،
_c1990
300 _a471 ص
490 _a
650 0 4 _aالقانون
650 0 4 _aقانون العقوبات
650 0 4 _aالقاطرات
942 _2ddc
_cBK
999 _c52723
_d52723